[Event "World Chess Olympiad 2018"]
[Site "Batumi"]
[Date "2018.10.01"]
[Round "7"]
[Board "1"]
[WhiteFideId "13702661"]
[White "Jumabayev Rinat"]
[BlackFideId "14918781"]
[Black "Repka Christopher"]
[Result "1-0"]
[LiveChessVersion "1.4.8"]
[BlackElo "2523"]
[WhiteElo "2605"]

1. Nf3 {[%clk 1:30:58]} d5 {[%clk 1:30:57]} 2. d4 {[%clk 1:31:05]} Nf6
{[%clk 1:31:23]} 3. c4 {[%clk 1:31:31]} e6 {[%clk 1:31:49]} 4. g3
{[%clk 1:31:58]} Be7 {[%clk 1:32:15]} 5. Bg2 {[%clk 1:32:25]} O-O
{[%clk 1:32:40]} 6. O-O {[%clk 1:32:52]} dxc4 {[%clk 1:33:07]} 7. Qc2
{[%clk 1:33:19]} b6 {[%clk 1:33:27]} 8. Ng5 {[%clk 1:21:17]} c6 {[%clk 1:32:07]}
9. Rd1 {[%clk 1:21:11]} h6 {[%clk 1:16:13]} 10. Ne4 {[%clk 1:05:45]} Nxe4
{[%clk 1:15:28]} 11. Bxe4 {[%clk 1:06:12]} Bb7 {[%clk 1:15:53]} 12. Qxc4
{[%clk 1:06:24]} Nd7 {[%clk 1:15:09]} 13. Nc3 {[%clk 1:06:11]} Qc8
{[%clk 1:04:51]} 14. Bg2 {[%clk 0:58:47]} b5 {[%clk 1:03:11]} 15. Qb3
{[%clk 0:57:39]} b4 {[%clk 1:03:01]} 16. Na4 {[%clk 0:45:31]} c5 {[%clk 1:03:27]}
17. Bxb7 {[%clk 0:40:33]} Qxb7 {[%clk 1:03:52]} 18. Be3 {[%clk 0:33:45]} Rac8
{[%clk 0:58:33]} 19. Rac1 {[%clk 0:29:42]} cxd4 {[%clk 0:57:48]} 20. Bxd4
{[%clk 0:30:08]} Rxc1 {[%clk 0:57:23]} 21. Rxc1 {[%clk 0:30:37]} Rc8
{[%clk 0:57:35]} 22. Rc4 {[%clk 0:23:16]} Qa6 {[%clk 0:51:56]} 23. Rc2
{[%clk 0:23:41]} Rc6 {[%clk 0:52:05]} 24. Kg2 {[%clk 0:19:09]} Qb5
{[%clk 0:50:31]} 25. f3 {[%clk 0:16:36]} Bf8 {[%clk 0:46:22]} 26. Bf2
{[%clk 0:14:32]} Ne5 {[%clk 0:23:07]} 27. Rxc6 {[%clk 0:13:15]} Qxc6
{[%clk 0:22:55]} 28. Qd1 {[%clk 0:13:35]} a6 {[%clk 0:20:06]} 29. b3
{[%clk 0:13:40]} Qb5 {[%clk 0:19:21]} 30. Qc2 {[%clk 0:13:48]} g5
{[%clk 0:18:07]} 31. Bd4 {[%clk 0:03:20]} Nc6 {[%clk 0:15:21]} 32. Be3
{[%clk 0:03:41]} Ne7 {[%clk 0:15:26]} 33. Qc4 {[%clk 0:01:22]} Nf5
{[%clk 0:10:23]} 34. Bf2 {[%clk 0:01:23]} Nd6 {[%clk 0:07:25]} 35. Qxb5
{[%clk 0:01:29]} Nxb5 {[%clk 0:07:52]} 36. Be1 {[%clk 0:01:44]} a5
{[%clk 0:07:44]} 37. Kf2 {[%clk 0:01:59]} f5 {[%clk 0:06:25]} 38. Ke3
{[%clk 0:02:19]} h5 {[%clk 0:06:06]} 39. Kd3 {[%clk 0:02:25]} g4 {[%clk 0:06:33]}
40. Bf2 {[%clk 0:30:46]} Bd6 {[%clk 0:36:42]} 41. Bc5 {[%clk 0:19:10]} Bb8
{[%clk 0:33:19]} 42. f4 {[%clk 0:08:34]} Nd6 {[%clk 0:30:29]} 43. Bb6
{[%clk 0:07:37]} Ne4 {[%clk 0:30:55]} 44. Nc5 {[%clk 0:04:42]} Nxc5+
{[%clk 0:26:59]} 45. Bxc5 {[%clk 0:05:12]} h4 {[%clk 0:27:22]} 46. e4
{[%clk 0:03:14]} e5 {[%clk 0:16:04]} 47. fxe5 {[%clk 0:02:31]} Bxe5
{[%clk 0:15:58]} 48. gxh4 {[%clk 0:02:30]} f4 {[%clk 0:07:48]} 49. Bd4
{[%clk 0:02:59]} Bc7 {[%clk 0:08:05]} 50. e5 {[%clk 0:03:19]} f3 {[%clk 0:07:11]}
51. Ke4 {[%clk 0:03:40]} Bd8 {[%clk 0:07:30]} 52. Bf2 {[%clk 0:03:58]} 1-0

[Event "World Chess Olympiad 2018"]
[Site "Batumi"]
[Date "2018.10.01"]
[Round "7"]
[Board "2"]
[WhiteFideId "14907518"]
[White "Jurcik Marian"]
[BlackFideId "13701525"]
[Black "Ismagambetov Anuar"]
[Result "1/2-1/2"]
[LiveChessVersion "1.4.8"]
[BlackElo "2538"]
[WhiteElo "2451"]

1. e4 {[%clk 1:30:54]} c5 {[%clk 1:30:51]} 2. Nf3 {[%clk 1:31:09]} Nc6
{[%clk 1:31:06]} 3. Bb5 {[%clk 1:30:07]} g6 {[%clk 1:31:23]} 4. O-O
{[%clk 1:30:20]} Bg7 {[%clk 1:31:46]} 5. Re1 {[%clk 1:29:41]} e5 {[%clk 1:31:54]}
6. Bxc6 {[%clk 1:28:20]} dxc6 {[%clk 1:32:16]} 7. d3 {[%clk 1:26:11]} Qe7
{[%clk 1:32:28]} 8. a3 {[%clk 1:18:56]} Nh6 {[%clk 1:30:39]} 9. Nbd2
{[%clk 1:10:38]} f6 {[%clk 1:27:48]} 10. b4 {[%clk 1:04:01]} O-O {[%clk 1:20:38]}
11. Nb3 {[%clk 0:45:53]} cxb4 {[%clk 1:18:32]} 12. axb4 {[%clk 0:46:10]} Be6
{[%clk 1:12:32]} 13. c3 {[%clk 0:45:43]} b6 {[%clk 1:08:52]} 14. Ba3
{[%clk 0:42:32]} Rfd8 {[%clk 1:07:31]} 15. Qc2 {[%clk 0:39:33]} Nf7
{[%clk 1:06:23]} 16. d4 {[%clk 0:33:10]} Qc7 {[%clk 1:04:16]} 17. h3
{[%clk 0:28:38]} Kh8 {[%clk 0:58:39]} 18. Bc1 {[%clk 0:28:24]} Nd6
{[%clk 0:56:16]} 19. dxe5 {[%clk 0:21:37]} fxe5 {[%clk 0:56:38]} 20. Bg5
{[%clk 0:21:22]} Re8 {[%clk 0:48:38]} 21. Nbd2 {[%clk 0:21:26]} c5
{[%clk 0:48:29]} 22. Qa4 {[%clk 0:19:06]} a5 {[%clk 0:42:16]} 23. bxc5
{[%clk 0:13:38]} bxc5 {[%clk 0:42:20]} 24. Be3 {[%clk 0:12:24]} Bd7
{[%clk 0:40:56]} 25. Qa2 {[%clk 0:10:27]} Be6 {[%clk 0:37:31]} 26. Qa4
{[%clk 0:10:44]} Bd7 {[%clk 0:36:15]} 27. Qa2 {[%clk 0:11:11]} Be6
{[%clk 0:29:54]} 28. Qa4 {[%clk 0:04:59]} Bd7 {[%clk 0:30:22]} 29. Qa2
{[%clk 0:05:21]} Be6 {[%clk 0:30:51]} 30. Qa4 {[%clk 0:05:43]} Bd7
{[%clk 0:31:19]} 1/2-1/2

[Event "World Chess Olympiad 2018"]
[Site "Batumi"]
[Date "2018.10.01"]
[Round "7"]
[Board "3"]
[WhiteFideId "13700316"]
[White "Kazhgaleyev Murtas"]
[BlackFideId "14901625"]
[Black "Petrik Tomas"]
[Result "1-0"]
[LiveChessVersion "1.4.8"]
[BlackElo "2481"]
[WhiteElo "2582"]

1. d4 {[%clk 1:30:56]} e6 {[%clk 1:30:44]} 2. c4 {[%clk 1:31:22]} Nf6
{[%clk 1:31:08]} 3. Nf3 {[%clk 1:31:48]} d5 {[%clk 1:29:29]} 4. Nc3
{[%clk 1:32:11]} c5 {[%clk 1:29:01]} 5. cxd5 {[%clk 1:32:14]} Nxd5
{[%clk 1:29:08]} 6. e4 {[%clk 1:31:50]} Nxc3 {[%clk 1:29:27]} 7. bxc3
{[%clk 1:32:16]} cxd4 {[%clk 1:29:46]} 8. cxd4 {[%clk 1:32:43]} Bb4+
{[%clk 1:30:04]} 9. Bd2 {[%clk 1:33:06]} Bxd2+ {[%clk 1:30:09]} 10. Qxd2
{[%clk 1:33:30]} O-O {[%clk 1:30:19]} 11. Bc4 {[%clk 1:33:22]} Nd7
{[%clk 1:28:28]} 12. O-O {[%clk 1:32:56]} b6 {[%clk 1:28:05]} 13. Rfe1
{[%clk 1:32:48]} Bb7 {[%clk 1:27:44]} 14. Rad1 {[%clk 1:33:09]} Rc8
{[%clk 1:27:01]} 15. Bb3 {[%clk 1:30:41]} Qf6 {[%clk 0:55:47]} 16. h3
{[%clk 1:20:40]} h6 {[%clk 0:48:51]} 17. Nh2 {[%clk 1:17:36]} Qg6
{[%clk 0:33:51]} 18. d5 {[%clk 1:05:49]} exd5 {[%clk 0:21:38]} 19. exd5
{[%clk 1:03:23]} Rfe8 {[%clk 0:15:38]} 20. Ng4 {[%clk 0:57:37]} Rxe1+
{[%clk 0:09:31]} 21. Rxe1 {[%clk 0:57:37]} Qd6 {[%clk 0:09:13]} 22. Ne3
{[%clk 0:50:25]} g6 {[%clk 0:07:00]} 23. Ng4 {[%clk 0:46:53]} h5 {[%clk 0:07:01]}
24. Nh6+ {[%clk 0:46:36]} Kf8 {[%clk 0:06:34]} 25. Nxf7 {[%clk 0:46:32]} Kxf7
{[%clk 0:06:39]} 26. Re6 {[%clk 0:46:49]} Qc5 {[%clk 0:00:35]} 27. d6
{[%clk 0:45:53]} 1-0

[Event "World Chess Olympiad 2018"]
[Site "Batumi"]
[Date "2018.10.01"]
[Round "7"]
[Board "4"]
[WhiteFideId "14928752"]
[White "Gazik Viktor"]
[BlackFideId "13707647"]
[Black "Makhnev Denis"]
[Result "0-1"]
[LiveChessVersion "1.4.8"]
[BlackElo "2449"]
[WhiteElo "2486"]

1. c4 {[%clk 1:30:57]} e5 {[%clk 1:30:06]} 2. g3 {[%clk 1:31:17]} Nf6
{[%clk 1:30:27]} 3. Bg2 {[%clk 1:31:42]} d5 {[%clk 1:28:38]} 4. cxd5
{[%clk 1:31:52]} Nxd5 {[%clk 1:29:03]} 5. Nf3 {[%clk 1:32:14]} Nc6
{[%clk 1:29:26]} 6. O-O {[%clk 1:32:33]} Nb6 {[%clk 1:29:51]} 7. b3
{[%clk 1:24:01]} Be7 {[%clk 1:22:46]} 8. Bb2 {[%clk 1:23:30]} f6 {[%clk 1:23:09]}
9. Nc3 {[%clk 1:18:32]} O-O {[%clk 1:23:26]} 10. Rc1 {[%clk 1:18:32]} Be6
{[%clk 1:09:42]} 11. Re1 {[%clk 1:10:20]} f5 {[%clk 1:09:04]} 12. d3
{[%clk 0:48:15]} Bf6 {[%clk 1:08:27]} 13. e3 {[%clk 0:46:29]} Qd7
{[%clk 0:54:45]} 14. Qe2 {[%clk 0:44:18]} Rad8 {[%clk 0:51:37]} 15. Red1
{[%clk 0:44:47]} Rfe8 {[%clk 0:51:55]} 16. Nb5 {[%clk 0:42:20]} a6
{[%clk 0:41:40]} 17. Na3 {[%clk 0:37:25]} Bf7 {[%clk 0:39:16]} 18. Nc2
{[%clk 0:33:10]} Bh5 {[%clk 0:34:14]} 19. Qf1 {[%clk 0:18:44]} Qf7
{[%clk 0:27:53]} 20. Rd2 {[%clk 0:18:38]} e4 {[%clk 0:17:36]} 21. Nfd4
{[%clk 0:18:54]} Ne5 {[%clk 0:18:01]} 22. Ne1 {[%clk 0:18:56]} Bg6
{[%clk 0:17:54]} 23. Ne2 {[%clk 0:10:06]} Nxd3 {[%clk 0:15:36]} 24. Bxf6
{[%clk 0:10:27]} Qxf6 {[%clk 0:15:59]} 25. Rxc7 {[%clk 0:06:34]} Nxf2
{[%clk 0:11:59]} 26. Rxd8 {[%clk 0:02:23]} Qxd8 {[%clk 0:12:25]} 27. Rxb7
{[%clk 0:02:39]} Ng4 {[%clk 0:12:12]} 28. Nd4 {[%clk 0:02:54]} Nxe3
{[%clk 0:10:56]} 29. Qxa6 {[%clk 0:03:21]} Nxg2 {[%clk 0:11:15]} 30. Kxg2
{[%clk 0:03:46]} Qxd4 {[%clk 0:11:36]} 31. Qxb6 {[%clk 0:04:09]} Qd2+
{[%clk 0:12:02]} 32. Kf1 {[%clk 0:04:34]} e3 {[%clk 0:12:24]} 0-1

[Event "World Chess Olympiad 2018"]
[Site "Batumi"]
[Date "2018.10.01"]
[Round "7"]
[Board "1"]
[WhiteFideId "13601520"]
[White "Jobava Baadur"]
[BlackFideId "2900017"]
[Black "Georgiev Kiril"]
[Result "1-0"]
[LiveChessVersion "1.4.8"]
[BlackElo "2590"]
[WhiteElo "2634"]

1. d4 {[%clk 1:30:43]} Nf6 {[%clk 1:30:33]} 2. c4 {[%clk 1:30:58]} c6
{[%clk 1:30:07]} 3. Nc3 {[%clk 1:31:14]} d5 {[%clk 1:30:29]} 4. Nf3
{[%clk 1:31:41]} e6 {[%clk 1:29:54]} 5. Bg5 {[%clk 1:31:41]} Nbd7
{[%clk 1:29:56]} 6. cxd5 {[%clk 1:27:46]} exd5 {[%clk 1:29:52]} 7. e3
{[%clk 1:28:11]} Be7 {[%clk 1:30:14]} 8. Qc2 {[%clk 1:28:04]} Nh5
{[%clk 1:29:59]} 9. h4 {[%clk 1:25:24]} h6 {[%clk 1:26:42]} 10. Bf4
{[%clk 1:25:16]} Nxf4 {[%clk 1:24:01]} 11. exf4 {[%clk 1:25:42]} Nb6
{[%clk 1:23:50]} 12. g3 {[%clk 1:25:38]} Qd6 {[%clk 1:23:14]} 13. Ne5
{[%clk 1:25:32]} Be6 {[%clk 1:14:59]} 14. O-O-O {[%clk 1:25:53]} Rf8
{[%clk 1:14:59]} 15. Bd3 {[%clk 1:25:38]} a6 {[%clk 1:11:57]} 16. Rhe1
{[%clk 1:25:07]} O-O-O {[%clk 1:08:56]} 17. Bf5 {[%clk 1:23:31]} Kb8
{[%clk 1:05:02]} 18. Bxe6 {[%clk 1:23:54]} fxe6 {[%clk 1:05:28]} 19. Qg6
{[%clk 1:24:21]} Qb4 {[%clk 1:01:34]} 20. Qxg7 {[%clk 1:07:43]} Bf6
{[%clk 1:00:29]} 21. Qh7 {[%clk 1:06:38]} Bxe5 {[%clk 0:55:16]} 22. Rxe5
{[%clk 1:04:10]} Nc4 {[%clk 0:54:37]} 23. Re2 {[%clk 1:04:36]} c5
{[%clk 0:53:24]} 24. Qd3 {[%clk 1:03:25]} Rc8 {[%clk 0:51:45]} 25. Kb1
{[%clk 1:03:03]} Rc6 {[%clk 0:49:04]} 26. Ka1 {[%clk 1:02:56]} Ka8
{[%clk 0:46:02]} 27. Nb1 {[%clk 0:57:14]} Rfc8 {[%clk 0:44:10]} 28. Rc1
{[%clk 0:54:46]} cxd4 {[%clk 0:40:37]} 29. Qxd4 {[%clk 0:55:05]} Qf8
{[%clk 0:40:52]} 30. Rec2 {[%clk 0:51:38]} Qf5 {[%clk 0:40:07]} 31. Rc3
{[%clk 0:48:17]} h5 {[%clk 0:36:38]} 32. b3 {[%clk 0:44:24]} Na5 {[%clk 0:36:52]}
33. Qe5 {[%clk 0:40:48]} Qf7 {[%clk 0:24:42]} 34. Kb2 {[%clk 0:35:56]} Rxc3
{[%clk 0:24:03]} 35. Nxc3 {[%clk 0:35:58]} Nc6 {[%clk 0:24:21]} 36. Qe2
{[%clk 0:35:25]} Qf6 {[%clk 0:20:36]} 37. a3 {[%clk 0:30:41]} Qf5
{[%clk 0:10:02]} 38. Na4 {[%clk 0:26:01]} Kb8 {[%clk 0:08:51]} 39. Nc5
{[%clk 0:25:50]} e5 {[%clk 0:08:18]} 40. fxe5 {[%clk 0:52:02]} Nxe5
{[%clk 0:38:29]} 41. f4 {[%clk 0:52:00]} Ng4 {[%clk 0:32:59]} 42. b4
{[%clk 0:49:03]} Rc7 {[%clk 0:23:12]} 43. Qe6 {[%clk 0:44:36]} Qxe6
{[%clk 0:18:30]} 44. Nxe6 {[%clk 0:45:01]} Re7 {[%clk 0:18:56]} 45. Re1
{[%clk 0:43:20]} Nf6 {[%clk 0:14:14]} 46. Re5 {[%clk 0:35:18]} Ng4
{[%clk 0:12:47]} 47. Re2 {[%clk 0:35:45]} Nh6 {[%clk 0:12:01]} 48. Kc3
{[%clk 0:35:51]} Nf5 {[%clk 0:12:07]} 49. Re5 {[%clk 0:36:19]} Nxg3
{[%clk 0:12:00]} 50. Kd4 {[%clk 0:36:47]} Kc8 {[%clk 0:11:15]} 51. Re1
{[%clk 0:36:05]} Nf5+ {[%clk 0:08:40]} 52. Ke5 {[%clk 0:35:59]} Rf7
{[%clk 0:06:40]} 53. Rc1+ {[%clk 0:34:47]} Kb8 {[%clk 0:07:08]} 54. Ng5
{[%clk 0:33:59]} Rf8 {[%clk 0:07:36]} 55. Nh7 {[%clk 0:34:01]} Rf7
{[%clk 0:07:53]} 56. Ke6 {[%clk 0:34:28]} Nh6 {[%clk 0:07:22]} 57. Nf6
{[%clk 0:34:56]} d4 {[%clk 0:07:34]} 58. Rd1 {[%clk 0:32:02]} Rc7
{[%clk 0:07:35]} 59. Nd7+ {[%clk 0:31:55]} Kc8 {[%clk 0:07:16]} 60. Ne5
{[%clk 0:32:20]} Rc3 {[%clk 0:04:29]} 61. Rxd4 {[%clk 0:32:44]} Rxa3
{[%clk 0:04:29]} 62. Rc4+ {[%clk 0:33:03]} Kd8 {[%clk 0:04:25]} 63. Nf7+
{[%clk 0:33:30]} Nxf7 {[%clk 0:04:41]} 64. Kxf7 {[%clk 0:33:58]} Rg3
{[%clk 0:03:01]} 65. f5 {[%clk 0:31:24]} Rg4 {[%clk 0:03:24]} 66. Rxg4
{[%clk 0:31:51]} hxg4 {[%clk 0:03:46]} 67. h5 {[%clk 0:32:21]} g3
{[%clk 0:04:07]} 68. h6 {[%clk 0:32:50]} g2 {[%clk 0:04:32]} 69. h7
{[%clk 0:33:19]} g1=Q {[%clk 0:04:51]} 70. h8=Q+ {[%clk 0:33:47]} Kd7
{[%clk 0:03:07]} 71. Qe8+ {[%clk 0:34:10]} Kc7 {[%clk 0:03:16]} 72. Qe5+
{[%clk 0:34:33]} Kd7 {[%clk 0:02:47]} 73. Qd5+ {[%clk 0:35:01]} Kc7
{[%clk 0:03:09]} 74. Qc5+ {[%clk 0:35:24]} Qxc5 {[%clk 0:03:28]} 75. bxc5
{[%clk 0:35:53]} a5 {[%clk 0:03:37]} 76. f6 {[%clk 0:36:21]} a4 {[%clk 0:03:59]}
77. Ke8 {[%clk 0:36:50]} a3 {[%clk 0:04:12]} 78. f7 {[%clk 0:37:17]} a2
{[%clk 0:04:34]} 79. f8=Q {[%clk 0:38:14]} a1=Q {[%clk 0:05:27]} 80. Qd6+
{[%clk 0:38:42]} 1-0

[Event "World Chess Olympiad 2018"]
[Site "Batumi"]
[Date "2018.10.01"]
[Round "7"]
[Board "2"]
[WhiteFideId "15002187"]
[White "Pancevski Filip"]
[BlackFideId "2905540"]
[Black "Cheparinov Ivan"]
[Result "0-1"]
[LiveChessVersion "1.4.8"]
[BlackElo "2715"]
[WhiteElo "2489"]

1. c4 {[%clk 1:30:57]} f5 {[%clk 1:30:55]} 2. g3 {[%clk 1:31:21]} Nf6
{[%clk 1:31:21]} 3. Bg2 {[%clk 1:31:48]} g6 {[%clk 1:31:44]} 4. Nc3
{[%clk 1:32:10]} Bg7 {[%clk 1:32:08]} 5. d3 {[%clk 1:32:34]} d6 {[%clk 1:32:29]}
6. e4 {[%clk 1:31:05]} c5 {[%clk 1:32:37]} 7. Nge2 {[%clk 1:31:22]} Nc6
{[%clk 1:32:34]} 8. O-O {[%clk 1:31:11]} O-O {[%clk 1:29:48]} 9. h3
{[%clk 1:29:53]} fxe4 {[%clk 1:29:25]} 10. dxe4 {[%clk 1:30:11]} e5
{[%clk 1:29:48]} 11. Nd5 {[%clk 1:09:59]} Be6 {[%clk 1:28:41]} 12. Bg5
{[%clk 1:02:34]} Qd7 {[%clk 1:27:35]} 13. Kh2 {[%clk 1:02:55]} Nd4
{[%clk 1:20:09]} 14. Nxd4 {[%clk 0:45:16]} cxd4 {[%clk 1:18:59]} 15. Qd3
{[%clk 0:44:11]} Nh5 {[%clk 1:17:07]} 16. Rac1 {[%clk 0:43:22]} h6
{[%clk 1:11:31]} 17. Bd2 {[%clk 0:42:28]} b6 {[%clk 1:11:22]} 18. a4
{[%clk 0:37:13]} Rf7 {[%clk 1:03:01]} 19. a5 {[%clk 0:36:02]} Raf8
{[%clk 1:03:24]} 20. f3 {[%clk 0:35:20]} bxa5 {[%clk 0:53:28]} 21. Bxa5
{[%clk 0:32:22]} g5 {[%clk 0:48:07]} 22. Ra1 {[%clk 0:28:21]} Nf6
{[%clk 0:38:01]} 23. Bd2 {[%clk 0:28:01]} Qb7 {[%clk 0:34:02]} 24. Ra5
{[%clk 0:23:54]} Nxd5 {[%clk 0:25:42]} 25. cxd5 {[%clk 0:07:03]} Bd7
{[%clk 0:26:04]} 26. Qa3 {[%clk 0:06:36]} Bb5 {[%clk 0:24:59]} 27. Rf2
{[%clk 0:04:57]} Qb6 {[%clk 0:23:20]} 28. Qb4 {[%clk 0:04:16]} Bd3
{[%clk 0:20:48]} 29. f4 {[%clk 0:03:19]} exf4 {[%clk 0:19:34]} 30. gxf4
{[%clk 0:03:30]} Qxb4 {[%clk 0:13:55]} 31. Bxb4 {[%clk 0:03:59]} Rxf4
{[%clk 0:14:10]} 32. Rxf4 {[%clk 0:03:51]} Be5 {[%clk 0:14:28]} 33. Ra3
{[%clk 0:01:48]} Bxf4+ {[%clk 0:13:26]} 34. Kg1 {[%clk 0:01:31]} Bc2
{[%clk 0:13:17]} 35. Rxa7 {[%clk 0:01:07]} d3 {[%clk 0:13:39]} 36. Rc7
{[%clk 0:01:15]} Be5 {[%clk 0:10:33]} 37. Rc4 {[%clk 0:00:48]} Rb8
{[%clk 0:09:52]} 38. Ba5 {[%clk 0:00:36]} Rxb2 {[%clk 0:09:51]} 39. Bf3
{[%clk 0:00:57]} Ra2 {[%clk 0:06:41]} 40. Bb4 {[%clk 0:30:47]} Bb3
{[%clk 0:36:01]} 41. Rc8+ {[%clk 0:30:03]} Kg7 {[%clk 0:34:14]} 42. Rb8
{[%clk 0:28:22]} Bd4+ {[%clk 0:32:05]} 43. Kh1 {[%clk 0:28:51]} Bd1
{[%clk 0:32:02]} 44. Bxd1 {[%clk 0:26:22]} Ra1 {[%clk 0:30:17]} 45. Kg2
{[%clk 0:26:40]} Rxd1 {[%clk 0:30:42]} 46. e5 {[%clk 0:22:45]} d2
{[%clk 0:30:04]} 0-1

[Event "World Chess Olympiad 2018"]
[Site "Batumi"]
[Date "2018.10.01"]
[Round "7"]
[Board "3"]
[WhiteFideId "13602071"]
[White "Pantsulaia Levan"]
[BlackFideId "15000605"]
[Black "Nedev Trajko"]
[Result "1-0"]
[LiveChessVersion "1.4.8"]
[BlackElo "2496"]
[WhiteElo "2589"]

1. Nf3 {[%clk 1:30:49]} Nf6 {[%clk 1:30:48]} 2. g3 {[%clk 1:31:12]} g6
{[%clk 1:31:11]} 3. b3 {[%clk 1:31:34]} Bg7 {[%clk 1:31:29]} 4. Bb2
{[%clk 1:31:58]} d6 {[%clk 1:31:53]} 5. d4 {[%clk 1:32:20]} a5 {[%clk 1:32:18]}
6. c4 {[%clk 1:27:08]} a4 {[%clk 1:32:22]} 7. b4 {[%clk 1:27:15]} O-O
{[%clk 1:32:18]} 8. a3 {[%clk 1:24:01]} c5 {[%clk 1:27:41]} 9. Bg2
{[%clk 1:17:41]} Qb6 {[%clk 1:24:21]} 10. dxc5 {[%clk 1:07:53]} dxc5
{[%clk 1:24:03]} 11. b5 {[%clk 1:08:18]} Nc6 {[%clk 1:20:21]} 12. O-O
{[%clk 1:04:30]} Rd8 {[%clk 1:16:14]} 13. Nfd2 {[%clk 1:03:15]} Nd4
{[%clk 1:11:37]} 14. Nc3 {[%clk 1:03:17]} Qa7 {[%clk 0:42:54]} 15. Qc1
{[%clk 0:51:50]} Be6 {[%clk 0:41:31]} 16. Rd1 {[%clk 0:49:12]} Bg4
{[%clk 0:37:02]} 17. Re1 {[%clk 0:39:14]} Rd7 {[%clk 0:21:45]} 18. e3
{[%clk 0:36:55]} Nb3 {[%clk 0:21:28]} 19. Nxb3 {[%clk 0:37:17]} axb3
{[%clk 0:21:55]} 20. e4 {[%clk 0:30:11]} Rd4 {[%clk 0:15:05]} 21. e5
{[%clk 0:14:50]} Nd7 {[%clk 0:14:25]} 22. Nd5 {[%clk 0:15:14]} Nxe5
{[%clk 0:14:04]} 23. Bxd4 {[%clk 0:13:15]} cxd4 {[%clk 0:14:08]} 24. Rxe5
{[%clk 0:06:00]} Bxe5 {[%clk 0:13:47]} 25. Qg5 {[%clk 0:06:29]} e6
{[%clk 0:12:23]} 26. Ne7+ {[%clk 0:05:01]} Kf8 {[%clk 0:12:40]} 27. Qxe5
{[%clk 0:05:26]} b2 {[%clk 0:07:56]} 28. Rb1 {[%clk 0:05:42]} Qxa3
{[%clk 0:07:18]} 29. Bxb7 {[%clk 0:03:29]} Qa2 {[%clk 0:01:00]} 30. Be4
{[%clk 0:01:25]} Kxe7 {[%clk 0:01:25]} 31. Qc5+ {[%clk 0:01:12]} Kf6
{[%clk 0:01:03]} 32. Qxd4+ {[%clk 0:01:35]} e5 {[%clk 0:01:26]} 33. Qxb2
{[%clk 0:01:47]} 1-0

[Event "World Chess Olympiad 2018"]
[Site "Batumi"]
[Date "2018.10.01"]
[Round "7"]
[Board "4"]
[WhiteFideId "15002314"]
[White "Nikolovski Nikola"]
[BlackFideId "13602543"]
[Black "Jojua Davit"]
[Result "0-1"]
[LiveChessVersion "1.4.8"]
[BlackElo "2590"]
[WhiteElo "2388"]

1. e4 {[%clk 1:30:53]} c5 {[%clk 1:30:56]} 2. Nf3 {[%clk 1:31:12]} e6
{[%clk 1:31:19]} 3. d4 {[%clk 1:31:25]} cxd4 {[%clk 1:31:45]} 4. Nxd4
{[%clk 1:31:42]} a6 {[%clk 1:32:10]} 5. Nc3 {[%clk 1:31:32]} b5 {[%clk 1:32:05]}
6. Bd3 {[%clk 1:30:44]} Qb6 {[%clk 1:31:25]} 7. Be3 {[%clk 1:30:25]} Bc5
{[%clk 1:31:01]} 8. Be2 {[%clk 1:30:13]} Nc6 {[%clk 1:29:55]} 9. Nxc6
{[%clk 1:29:57]} dxc6 {[%clk 1:29:58]} 10. Bxc5 {[%clk 1:28:12]} Qxc5
{[%clk 1:30:18]} 11. Qd3 {[%clk 1:27:32]} Nf6 {[%clk 1:29:15]} 12. f4
{[%clk 1:16:59]} e5 {[%clk 1:23:53]} 13. f5 {[%clk 1:16:11]} a5 {[%clk 1:17:01]}
14. g4 {[%clk 0:58:56]} a4 {[%clk 1:11:15]} 15. g5 {[%clk 0:52:37]} Nd7
{[%clk 1:11:22]} 16. a3 {[%clk 0:45:40]} O-O {[%clk 0:59:30]} 17. Na2
{[%clk 0:33:41]} Rd8 {[%clk 0:27:17]} 18. O-O-O {[%clk 0:32:40]} Bb7
{[%clk 0:26:24]} 19. Kb1 {[%clk 0:27:26]} Qb6 {[%clk 0:21:29]} 20. h4
{[%clk 0:16:06]} Nf8 {[%clk 0:14:22]} 21. Qg3 {[%clk 0:16:19]} c5
{[%clk 0:13:30]} 22. Rxd8 {[%clk 0:11:08]} Rxd8 {[%clk 0:13:47]} 23. Qxe5
{[%clk 0:11:29]} b4 {[%clk 0:10:34]} 24. axb4 {[%clk 0:05:54]} cxb4
{[%clk 0:11:01]} 25. Qb5 {[%clk 0:03:15]} Qxb5 {[%clk 0:06:57]} 26. Bxb5
{[%clk 0:03:40]} Bxe4 {[%clk 0:07:15]} 27. Re1 {[%clk 0:04:05]} Rd4
{[%clk 0:07:18]} 28. Bxa4 {[%clk 0:02:28]} Bxf5 {[%clk 0:07:42]} 29. h5
{[%clk 0:02:08]} Ne6 {[%clk 0:05:37]} 30. Bb3 {[%clk 0:02:25]} g6
{[%clk 0:05:08]} 31. hxg6 {[%clk 0:00:57]} hxg6 {[%clk 0:05:29]} 32. Bxe6
{[%clk 0:00:45]} Bxe6 {[%clk 0:02:53]} 33. c3 {[%clk 0:00:55]} bxc3
{[%clk 0:01:50]} 34. Nxc3 {[%clk 0:01:18]} Rg4 {[%clk 0:02:15]} 35. Re5
{[%clk 0:00:34]} Bf5+ {[%clk 0:02:05]} 36. Kc1 {[%clk 0:00:57]} Rxg5
{[%clk 0:01:55]} 37. b4 {[%clk 0:01:10]} Rg2 {[%clk 0:01:22]} 38. Nd5
{[%clk 0:01:04]} Kf8 {[%clk 0:00:38]} 39. Re3 {[%clk 0:00:32]} Rc2+
{[%clk 0:00:37]} 40. Kd1 {[%clk 0:30:57]} Rb2 {[%clk 0:30:47]} 41. Re5
{[%clk 0:27:50]} Be6 {[%clk 0:25:51]} 42. Kc1 {[%clk 0:24:51]} Rb3
{[%clk 0:25:07]} 43. Nf4 {[%clk 0:24:48]} Bc4 {[%clk 0:21:40]} 44. Re4
{[%clk 0:16:37]} Rxb4 {[%clk 0:21:47]} 45. Kd2 {[%clk 0:15:37]} Ra4
{[%clk 0:21:41]} 46. Kc3 {[%clk 0:15:46]} Bb5 {[%clk 0:21:23]} 47. Rxa4
{[%clk 0:15:45]} Bxa4 {[%clk 0:21:49]} 48. Kd4 {[%clk 0:16:09]} Kg7
{[%clk 0:21:09]} 49. Ke4 {[%clk 0:16:21]} Bb3 {[%clk 0:21:03]} 50. Kf3
{[%clk 0:16:39]} g5 {[%clk 0:20:40]} 51. Nd3 {[%clk 0:16:37]} f5 {[%clk 0:20:33]}
52. Kg3 {[%clk 0:17:00]} Bd5 {[%clk 0:20:42]} 53. Ne5 {[%clk 0:16:56]} Be6
{[%clk 0:20:32]} 54. Nc6 {[%clk 0:17:19]} Kf6 {[%clk 0:20:56]} 55. Nd4
{[%clk 0:17:40]} f4+ {[%clk 0:18:28]} 56. Kf2 {[%clk 0:18:02]} g4
{[%clk 0:18:42]} 57. Kg2 {[%clk 0:18:26]} Bd5+ {[%clk 0:19:01]} 58. Kf2
{[%clk 0:18:50]} g3+ {[%clk 0:18:16]} 59. Kg1 {[%clk 0:19:12]} f3
{[%clk 0:17:14]} 60. Ne2 {[%clk 0:18:23]} f2+ {[%clk 0:17:39]} 0-1